01182nam a2200265Ia 4500003000500000005001700005008004100022020003000063040001900093082001600112100003400128245008300162260010600245300004400351504006700395521001000462651002500472654004900497690001300546700006700559942004500626999001700671952009500688952013300783322820241120130052.0210816s9999 xx 000 0 und d a9781842 775837qPaperback aRDAbENGc3228 a320.96 NYAM a Nyamnjoh, Francis B. 918275 0aAfrica's media, democracy, and the politics of belongingcFrancis B. Nyamnjoh. aLondon ; New York : Zed Books :bDistributed in the U.S.A. exclusively by Palgrave Macmillan, c2005. a308 pagesbcolour illustrations:c23 cm aIncludes bibliographical references (pages 274-298) and index. aAdult aSouth Africa9116385 2Communication in politics Democracy Africa 255682667 aMonotype Joana by Illuminati, Grosmont, Andrew Corbett9191025 cBK2ddcy12663zPriscilla Nozizwe Mogale c83935d83935 00104070aHLHLLbHLHLLd2021-08-17g28.00l0p33228023044355r2021-08-17w2021-08-17yBK 00102ddc40708300aMKHULbMKHULcNon_Fictiond2024-11-20g150.00l0o320.96 NYAMp33228 022910549r2024-11-20w2024-11-20yBK